| 000 | 01164nam0a22003011 4500 | ||
|---|---|---|---|
| 001 | rc\3354127 | ||
| 005 | 20250609220221.0 | ||
| 021 |
_aRU _b[74-39721] |
||
| 035 | _a(NLR Aleph) 007522766 | ||
| 090 |
_a7730676 _c7730676 |
||
| 100 | _a20130115d1974 |||y0rusy50 ca | ||
| 101 | 0 | _arus | |
| 102 | _aRU | ||
| 105 | _aa z ||||| | ||
| 200 | 1 |
_aЭлектротехника и электрооборудование _e[Учеб. пособие для монтажных и строит. спец. техникумов] |
|
| 205 | _a2-е изд., перераб. и доп. | ||
| 210 |
_aМосква _cВысш. школа _d1974 |
||
| 215 |
_a312 с. _cил. _d22 |
||
| 320 | _aСписок лит.: с. 308 (20 назв.) | ||
| 606 |
_aЭлектрооборудование _jУчебники и пособия _2psbo |
||
| 606 |
_aЭлектротехника _jУчебники и пособия _2psbo |
||
| 700 | 1 |
_aЛебедев _bН.Н. _gНиколай Николаевич |
|
| 701 | 1 |
_aЛеви _bС.С. _gСемен Савельевич |
|
| 801 | 0 |
_aRU _bNLR _gpsbo |
|
| 801 | 1 |
_aRU _bELAR _2rusmarc |
|
| 852 |
_aNLR _j74-5/532 |
||
| 942 | _cBOOK | ||
| 980 | _aNB | ||